Actors who worked with Chris Columbus - Statistics

General Stats
  • This quiz has been taken 35 times
    24 since last reset
  • The average score is 26 of 124
Answer Stats
Films Answer % Correct
Harry Potter and the Philosopher's Stone, Harry Potter and the Chamber of Secrets Emma Watson
100%
Harry Potter and the Philosopher's Stone, Harry Potter and the Chamber of Secrets Daniel Radcliffe
92%
Harry Potter and the Philosopher's Stone, Harry Potter and the Chamber of Secrets Rupert Grint
92%
Pixels Adam Sandler
85%
Home Alone, Home Alone 2: Lost in New York, Only the Lonely Kieran Culkin
85%
Home Alone, Home Alone 2: Lost in New York, Only the Lonely Macaulay Culkin
85%
Harry Potter and the Chamber of Secrets Mark Williams
85%
Mrs. Doubtfire, Bicentennial Man, Nine Months Robin Williams
85%
Home Alone, Home Alone 2: Lost in New York Joe Pesci
77%
Harry Potter and the Philosopher's Stone, Harry Potter and the Chamber of Secrets Maggie Smith
69%
Mrs. Doubtfire, Percy Jackson & the Olympians: The Lightning Thief, The Thursday Murder Club Pierce Brosnan
69%
Harry Potter and the Philosopher's Stone, Harry Potter and the Chamber of Secrets Alan Rickman
62%
The Thursday Murder Club Helen Mirren
62%
Pixels Kevin James
62%
Mrs. Doubtfire Sally Field
62%
The Thursday Murder Club Ben Kingsley
54%
Home Alone, Home Alone 2: Lost in New York Catherine O'Hara
54%
Harry Potter and the Chamber of Secrets Kenneth Branagh
54%
Harry Potter and the Philosopher's Stone, Harry Potter and the Chamber of Secrets Richard Harris
54%
Harry Potter and the Philosopher's Stone, Harry Potter and the Chamber of Secrets Robbie Coltrane
54%
Stepmom Ed Harris
46%
Percy Jackson & the Olympians: The Lightning Thief Logan Lerman
46%
Only the Lonely Maureen O'Hara
46%
Harry Potter and the Philosopher's Stone, Harry Potter and the Chamber of Secrets Tom Felton
46%
Percy Jackson & the Olympians: The Lightning Thief Alexandria Daddario
38%
Home Alone, Home Alone 2: Lost in New York Daniel Stern
38%
Pixels Josh Gad
38%
Home Alone 2: Lost in New York Donald Trump
31%
Adventures in Babysitting Elisabeth Shue
31%
Pixels Peter Dinklage
31%
Percy Jackson & the Olympians: The Lightning Thief Brandon T. Jackson
23%
The Christmas Chronicles: Part Two Goldie Hawn
23%
Nine Months Hugh Grant
23%
Home Alone, Home Alone 2: Lost in New York John Heard
23%
Stepmom Julia Roberts
23%
The Christmas Chronicles: Part Two Kurt Russell
23%
Harry Potter and the Philosopher's Stone, Harry Potter and the Chamber of Secrets Matthew Lewis
23%
Pixels Michelle Monaghan
23%
Percy Jackson & the Olympians: The Lightning Thief, Pixels Sean Bean
23%
Harry Potter and the Philosopher's Stone, Harry Potter and the Chamber of Secrets Bonnie Wright
15%
Pixels Brian Cox
15%
Harry Potter and the Chamber of Secrets Gemma Jones
15%
Harry Potter and the Philosopher's Stone, Harry Potter and the Chamber of Secrets James Phelps
15%
Harry Potter and the Chamber of Secrets Jason Isaacs
15%
Only the Lonely Jim Belushi
15%
Only the Lonely John Candy
15%
Nine Months Julianne Moore
15%
Harry Potter and the Philosopher's Stone, Harry Potter and the Chamber of Secrets Julie Walters
15%
Adventures in Babysitting Keith Coogan
15%
Mrs. Doubtfire Mara Wilson
15%
Harry Potter and the Chamber of Secrets Miriam Margolyes
15%
Harry Potter and the Philosopher's Stone, Harry Potter and the Chamber of Secrets Oliver Phelps
15%
The Thursday Murder Club Richard E. Grant
15%
Percy Jackson & the Olympians: The Lightning Thief Steve Coogan
15%
Stepmom Susan Sarandon
15%
Harry Potter and the Chamber of Secrets Toby Jones
15%
Percy Jackson & the Olympians: The Lightning Thief Uma Thurman
15%
Adventures in Babysitting Vincent D'Onofrio
15%
Harry Potter and the Philosopher's Stone, Harry Potter and the Chamber of Secrets Warwick Davis
15%
Rent Adam Pascal
8%
Harry Potter and the Philosopher's Stone, Harry Potter and the Chamber of Secrets Alfred Enoch
8%
Rent, Adventures in Babysitting Anthony Rapp
8%
Pixels Ashley Benson
8%
Percy Jackson & the Olympians: The Lightning Thief Catherine Keener
8%
The Thursday Murder Club Celia Imrie
8%
Harry Potter and the Philosopher's Stone, Harry Potter and the Chamber of Secrets Chris Rankin
8%
The Thursday Murder Club David Tennant
8%
Bicentennial Man Embeth Davidtz
8%
Harry Potter and the Philosopher's Stone, Harry Potter and the Chamber of Secrets Fiona Shaw
8%
Harry Potter and the Philosopher's Stone, Harry Potter and the Chamber of Secrets Harry Melling
8%
I Love You, Beth Cooper Hayden Panettiere
8%
Harry Potter and the Philosopher's Stone Ian Hurt
8%
Rent Idina Menzel
8%
Stepmom Jena Malone
8%
Rent Jesse L. Martin
8%
Harry Potter and the Philosopher's Stone John Hurt
8%
The Thursday Murder Club Jonathan Pryce
8%
Stepmom Liam Aiken
8%
Adventures in Babysitting Maia Brewto
8%
Mrs. Doubtfire Matthew Lawrence
8%
I Love You, Beth Cooper Paul Rust
8%
Harry Potter and the Philosopher's Stone, Harry Potter and the Chamber of Secrets Richard Griffiths
8%
Percy Jackson & the Olympians: The Lightning Thief, Rent Rosario Dawson
8%
Bicentennial Man Sam Neill
8%
Harry Potter and the Philosopher's Stone, Harry Potter and the Chamber of Secrets Sean Biggerstaff
8%
Harry Potter and the Chamber of Secrets Shirley Henderson
8%
Home Alone 2: Lost in New York Tim Curry
8%
The Thursday Murder Club Tom Ellis
8%
Harry Potter and the Philosopher's Stone Zoe Wanamaker
8%
Only the Lonely Anthony Quinn
0%
Adventures in Babysitting Calvin Levels
0%
Harry Potter and the Chamber of Secrets Christian Coulson
0%
Pixels Dan Aykroyd
0%
The Thursday Murder Club Daniel Mays
0%
The Christmas Chronicles: Part Two Darby Camp
0%
The Christmas Chronicles: Part Two Darlene Love
0%
Harry Potter and the Philosopher's Stone, Harry Potter and the Chamber of Secrets David Bradley
0%
Heartbreak Hotel David Keith
0%
Home Alone, Home Alone 2: Lost in New York Devin Ratray
0%
Harry Potter and the Philosopher's Stone, Harry Potter and the Chamber of Secrets Devon Murray
0%
I Love You, Beth Cooper Jack Carpenter
0%
The Christmas Chronicles: Part Two Jahzir Bruno
0%
Percy Jackson & the Olympians: The Lightning Thief Jake Abel
0%
Harry Potter and the Philosopher's Stone, Harry Potter and the Chamber of Secrets Jamie Waylett
0%
Nine Months Jeff Goldblum
0%
Nine Months Joan Cusack
0%
Percy Jackson & the Olympians: The Lightning Thief Joe Pantoliano
0%
Harry Potter and the Philosopher's Stone, Harry Potter and the Chamber of Secrets John Cleese
0%
Harry Potter and the Philosopher's Stone, Harry Potter and the Chamber of Secrets Josh Herdman
0%
The Christmas Chronicles: Part Two Julian Dennison
0%
Only the Lonely Kevin Dunn
0%
Percy Jackson & the Olympians: The Lightning Thief Kevin McKidd
0%
I Love You, Beth Cooper Lauren London
0%
Mrs. Doubtfire Lisa Jakub
0%
Percy Jackson & the Olympians: The Lightning Thief Melina Kanakaredes
0%
The Thursday Murder Club Naomi Ackie
0%
Bicentennial Man Oliver Platt
0%
Harry Potter and the Chamber of Secrets Robert Hardy
0%
Home Alone 2: Lost in New York Rob Scheider
0%
Rent Sarah Silverman
0%
The Christmas Chronicles: Part Two Sunny Suljic
0%
Nine Months Tom Arnold
0%
Heartbreak Hotel Tuesday Weld
0%
The Christmas Chronicles: Part Two Tyrese Gibson
0%
No matching quizzes found
Score Distribution
Percent of People with Each Score
Percentile by Number Answered
Your Score History
You have not taken this quiz since the last reset